000 00692nam a2200169Ia 4500
999 _c37202
_d37202
041 _aEnglish
082 _aRR.0337
100 _aRao, C. Srinivasa
_uC.C.S. Nizamia Observatory Campus
_vAndhra Pradesh, India
245 0 _aSocio economic adjustment of Shepherds in drought prone region of Andhra Pradesh of India :
_ba concern for development /
_cC. Srinivasa Rao
260 _aNew Delhi :
_bICSSR,
_c2012
300 _a113p. ;
504 _aInclude bibliographical references.
536 _aIndian Council of Social Science Research.
546 _aEnglish
650 _a Socio-economic adjustment
_vGovernment interventions
_xSocio-economic challenges
_zTelangana region
942 _cRP
_2ddc